00401 2200157 4500001002100000005001500021035002000036245007400056100001200130300001100142260003800153082000800191084001400199020001800213990001200231INLIS00000000000170720250430101253 a0010-04250001231 aKumpulan Cerita Rakyat Indonesia :bCerita Rakyat Sulawesi /cTuti A.0 aTuti A. a63 hlm aJakarta :bCV. Sinar Abadi,c2007 a813 a813 TUT k a979-736-792-4 a0754633